| 000 | 00720nam a2200229Ia 4500 | ||
|---|---|---|---|
| 001 | 8982 | ||
| 003 | GE_BSU | ||
| 008 | 181216s||||||||xx |||||||||||||| ||und|| | ||
| 040 | _cGE_BSU | ||
| 080 | _a821.353.1–32 | ||
| 100 | _aკასრაძე,დ. | ||
| 245 | _aშურისციხელი | ||
| 245 | _bმოთხრობა | ||
| 245 | _cრედ.ლ.ელიოზიშვილი,მხატვ.ნ.ოქროპირიძე | ||
| 260 | _aთბილისი | ||
| 260 | _bსაბჭოთა საქართველო | ||
| 260 | _c1960 | ||
| 300 | _a87გვ.16სმ. | ||
| 653 | _aმოთხრობა | ||
| 653 | _aშურისციხელი | ||
| 942 | _cBK | ||
| 999 |
_c42287 _d42287 |
||